1970 1283 1371 1602 1319 1821 1672 1048 1343 1542 1467 1605 1350 1188 1943 1642 1887 1112 1394 1188 1916 1773 1932 1658 1731 1281 1853 1899 1847 1389 1868 1700 1955 1012 1528 1062 1209 1029 1657 1416 1888 1585 1585 1944 1571 1220 1363 1192 1733 1667 1404 1704 1564 1756 1422 1607 1870 1049 1675 1886 1325 1684 1025 1005 1079 1019 1401 1098 1457 1184 1025 1188 1984 1349 1230 1905 1340 1244 1464 1124 1923 1027 1867 1287 1979 1203 1263 1899 1629 1906 1483 1415 1398 1188 1910 1405 1456 1155 1558 BCNSPRNW ULIB Ver.6.0+V

เปลี่ยนเป็นภาษาไทย

Change to English
 แสดงรายละเอียดบรรณานุกรม
  กลับหน้าหลัก

Brief Record : Get Marc (ISO 2709) : E-mail record : QR code < ปิดหน้าต่าง
LEADER : 00000nam 2200000uu 4500
001    13399127693
003     ULIB
008    210420s2563||||th 000 0 tha d
020    ^a9786169299998
060  0 ^aWJ340^bช514ค
100    ^aชาตรี บานชื่น
245    ^aคู่มือป้องกันโรคไตอย่างยั่งยืน ผ่านการจัดการโรคเบาหวาน ความดันโลหิตสูง
260    ^aม.ป.ท. :^bสถาบันโรคไตภูมิราชนครินทร์,^c2563
650    ^aไต - การป้องกันและควบคุม
945    ^p0^l0^i008018
999    ^aประนอม เกษจรัล
รายการนี้ยังไม่มีแท็ก
คุณยังไม่ได้ล็อกอิน คุณสามารถมีกิจกรรมร่วมกับเว็บไซต์ได้ แต่ต้องล็อกอินก่อน ::
  ล็อกอิน

รายการสื่อสารสนเทศ

ลำดับที่ ประเภท เลขเรียก/บาร์โค้ด สถานที่ สถานะ
1. วิทยาศาสตร์การแพทย์ และสุขภาพ
วิทยาศาสตร์การแพทย์ และสุขภาพ
WJ340 ช514ค ฉ.1 
  Barcode: 008018
ห้องสมุดวิทยาเขตสวรรค์ประชารักษ์
►หนังสือทั่วไป
บนชั้น

รายการใกล้เคียง
    ผู้แต่ง [ชาตรี บานชื่น]

BibComment


ยังไม่เคยถูกคอมเมนท์

คอมเมนท์ทรัพยากรรายการนี้
  คอมเมนท์: คู่มือป้องกันโรค..


 Copyright 2026. Bcnsprnw @Library